Nuwe vlam vir Vincent / (Record no. 796827)

MARC details
000 -LEADER
fixed length control field 00567nam a22002057b 4500
003 - CONTROL NUMBER IDENTIFIER
control field 3228
005 - DATE AND TIME OF LATEST TRANSACTION
control field 20260420111308.0
008 - FIXED-LENGTH DATA ELEMENTS--GENERAL INFORMATION
fixed length control field 260420b sa ||||e |||| 00| 1 AFR d
020 ## - INTERNATIONAL STANDARD BOOK NUMBER
International Standard Book Number 9781776359141 (softback)
020 ## - INTERNATIONAL STANDARD BOOK NUMBER
International Standard Book Number 9781776359158 (ePub)
040 ## - CATALOGING SOURCE
Original cataloging agency MPL
Language of cataloging eng
Transcribing agency 3228
Description conventions Resource Description and Access
041 ## - LANGUAGE CODE
Language code of text/sound track or separate title Afrikaans
082 #0 - DEWEY DECIMAL CLASSIFICATION NUMBER
Classification number AF NORT
100 ## - MAIN ENTRY--PERSONAL NAME
9 (RLIN) 107208
Personal name Nortje, Cecilia
Relator term author
245 ## - TITLE STATEMENT
Title Nuwe vlam vir Vincent /
Statement of responsibility, etc. Author: Cecilia Nortjié
250 ## - EDITION STATEMENT
Edition statement First edition
260 ## - PUBLICATION, DISTRIBUTION, ETC.
Place of publication, distribution, etc. Midrand
Name of publisher, distributor, etc. Romanza
Date of publication, distribution, etc. © 2023
300 ## - PHYSICAL DESCRIPTION
Extent 189 pages :
Dimensions 18 cm
942 ## - ADDED ENTRY ELEMENTS
Source of classification or shelving scheme Dewey Decimal Classification
item type Books
-- 245
-- Izakina Blanche
-- 245
-- Izakina Blanche
Holdings
Withdrawn status Lost status Source of classification or shelving scheme Damaged status Not for loan Collection code Home library Current library Shelving location Date acquired Total Checkouts Full call number Barcode Date last seen Price effective from item type Public note
    Dewey Decimal Classification     Fiction Middelburg Regional Library Jeremiah Madonsela Public Library Fiction 20.04.2026   AF NORT 33228031165471 20.04.2026 20.04.2026 Books 796827